Biblioteca Parlamentaria
Catálogo en línea

Exasambleísta solicita que se le restituya su curul (Registro nro. 34308)

000 -CABECERA
Campo de control interno 00887nam a22001817a 4500
005 - FECHA Y HORA DE LA CATALOGACION
Campo de control 20160613113754.0
008 - ELEMENTOS DE LONGITUD FIJA - INFORMACION
Elementos de Longitud Fija - Informaci 160613b xxu||||| |||| 00| 0 eng d
040 ## - ORIGEN DE LA CATALOGACION
Origen de la Catalogación ANE
041 ## - CODIGO DE LENGUAJE
Código de lenguaje del texto Es
082 ## - NUMERO DE CLASIFICACION DECIMAL DEWEY
1ra. Clasificación TV-2776
100 ## - ENTREVISTADO
Entrevistado Jiménez, Clever
Rol del entrevistado ex asambleísta de Pachakutik
245 ## - TÍTULO GENERAL
Título Exasambleísta solicita que se le restituya su curul
260 ## - EDITORIAL
Ciudad Quito
Televisora que emite el programa Ecuavisa
Fecha del Programa 2016-06-10
300 ## - DESCRIPCION
Duración en minutos, horas (del programa) p.
520 ## - RESUMEN
Resumen El ex asambleísta de Pachakutik, Cléver Jiménez presentó una acción de protección ante el Consejo de la Judicatura en contra de los integrantes del Consejo de Administración Legislativa para exigir que se le restituya su curul en la Asamblea.


650 ## - DESCRIPTORES - TEMAS
Temas - Descriptores solicitud/ex asambleísta/Pachakutik/Consejo de la Judicatura/acción de protección/contra/integrantes s del Consejo de Administración Legislativa / restituya su curul /
942 ## - ELEMENTOS DE KOHA
Esquema de Clasificaci
Tipo de Documento Material Multimedia (radio y televisión)
Catalogador IES.
Existencias
Withdrawn status Lost status Fuente de Clasificaci Damaged status Not for loan Ubicaci Biblioteca Fecha de Adquisición Signatura Topogr Código de barras Date last seen Price effective from Tipo de Item
          Biblioteca Asamblea Nacional Biblioteca Asamblea Nacional 2016-06-13 TV-2776 TV-2776 2016-06-13 2016-06-13 Material Multimedia (radio y televisión)
Dirección: Av. 6 de Diciembre y Piedrahita | Quito - Ecuador
Teléfonos: 593-23991000 Ext: 1147/1148
Correo:
archivo.biblioteca@asambleanacional.gob.ec

Soporte: FusionSolutions Cia. Ltda
archivobiblioteca white

Con tecnología Koha